[Event "Sunway Formentera op 3rd"]
[Site "Sant Ferran de ses Roques"]
[Date "2024.04.12"]
[Round "4"]
[White "Balakrishnan, Praveen"]
[Black "Dragnev, Valentin"]
[Result "1/2-1/2"]
[WhiteElo "2500"]
[BlackElo "2571"]
[PlyCount "81"]
[EventDate "2024.04.09"]
[EventType "swiss"]
[EventRounds "10"]
[EventCountry "ESP"]
[SourceTitle "CB17_2024"]
[SourceDate "2024.04.24"]
[SourceVersion "1"]
[SourceVersionDate "2024.04.24"]
[SourceQuality "1"]

1. e4 e5 2. Nf3 Nc6 3. Bb5 a6 4. Ba4 d6 5. c3 Nf6 6. d4 Bd7 7. Nbd2 g6 8. 0-0 Bg7 9. Re1 0-0 10. Bc2 exd4 11. cxd4 Nh5 12. d5 Nb4 13. Bb1 a5 14. a3 Na6 15. Bc2 Re8 16. Nb3 a4 17. Nbd4 Nc5 18. Bg5 Qb8 19. Qd2 Bg4 20. Rab1 Ra6 21. h3 Bxf3 22. Nxf3 Nf6 23. e5 dxe5 24. Nxe5 Rd6 25. Qf4 Rf8 26. Qc4 b6 27. Bxf6 Bxf6 28. Bxa4 Nxa4 29. Qxa4 Qa8 30. Qxa8 Rxa8 31. Ng4 Rad8 32. Rbc1 R8d7 33. Nxf6+ Rxf6 34. Re2 Rf5 35. Rec2 Rdxd5 36. Rxc7 Rd2 37. R1c2 Rfxf2 38. Rxd2 Rxd2 39. b4 Ra2 40. Rb7 Rxa3 41. Rxb6 1/2-1/2

[Event "Pan American Intercollegiate-chT"]
[Site "Seattle"]
[Date "2023.01.06"]
[Round "3"]
[White "Cervantes Landeiro, Thalia"]
[Black "Balakrishnan, Praveen"]
[Result "1/2-1/2"]
[WhiteElo "2263"]
[BlackElo "2529"]
[PlyCount "172"]
[EventDate "2023.01.05"]
[EventType "team-swiss"]
[EventRounds "6"]
[EventCountry "USA"]
[SourceTitle "CBM 212 Extra"]
[Source "ChessBase"]
[SourceDate "2023.03.31"]
[SourceVersion "1"]
[SourceVersionDate "2023.03.31"]
[SourceQuality "1"]
[WhiteTeam "St Louis Univ II"]
[BlackTeam "Chicago Univ"]
[WhiteTeamCountry "USA"]
[BlackTeamCountry "USA"]

1. d4 Nf6 2. c4 e6 3. Nf3 d5 4. Nc3 Bb4 5. Bg5 h6 6. Bxf6 Qxf6 7. Qa4+ Nc6 8. e3 0-0 9. Qc2 Rd8 10. a3 Bf8 11. Rd1 a6 12. Be2 b6 13. 0-0 Bb7 14. cxd5 exd5 15. b4 g6 16. Rfe1 Bg7 17. Qb3 Qd6 18. Rc1 Ne7 19. Na4 Nf5 20. Nb2 Qe7 21. Nd3 Nd6 22. Nfe5 Ne4 23. Nc6 Bxc6 24. Rxc6 Nd2 25. Qc3 Nc4 26. Nf4 b5 27. Bf3 Qg5 28. Rxc7 h5 29. Rc5 Nb6 30. Rc7 Nc4 31. h4 Qf5 32. g3 Rab8 33. Kg2 Nb6 34. Qc6 Qf6 35. Qxf6 Bxf6 36. Rec1 Rd6 37. R1c6 Bd8 38. Rxd6 Bxc7 39. Rc6 Bxf4 40. gxf4 Kf8 41. Rc7 Rd8 42. Ra7 Nc4 43. Rxa6 Ke7 44. Kg3 Nd6 45. Ra5 Ke6 46. a4 Nf5+ 47. Kh3 bxa4 48. Rxa4 Rb8 49. Be2 Nd6 50. b5 Ne4 51. Ra6+ Ke7 52. Kg2 Nc3 53. Bf3 Rxb5 54. Ra3 Ne4 55. f5 gxf5 56. Bxh5 Rb2 57. Ra7+ Kd6 58. Rxf7 Rxf2+ 59. Kg1 Ke6 60. Rf8 Ra2 61. Bg6 Ra1+ 62. Kg2 Ra2+ 63. Kf1 Ng3+ 64. Kg1 Ne2+ 65. Kf1 Ng3+ 66. Ke1 Re2+ 67. Kd1 Rh2 68. h5 Nxh5 69. Rxf5 Nf6 70. Re5+ Kd6 71. Bf5 Ng8 72. Re6+ Kc7 73. Ke1 Rh6 74. Re8 Nf6 75. Re5 Rh2 76. Kf1 Ra2 77. Re7+ Kd8 78. Rf7 Nh5 79. Bg4 Ng3+ 80. Ke1 Ne4 81. Kf1 Ra1+ 82. Kg2 Ra2+ 83. Kf1 Ra1+ 84. Ke2 Ra2+ 85. Ke1 Ra1+ 86. Ke2 Ra2+ 1/2-1/2

[Event "Titled Tuesday intern op 27th Dec Late"]
[Site "Chess.com INT"]
[Date "2022.12.27"]
[Round "3"]
[White "Balakrishnan, Praveen"]
[Black "Averjanov, Alexey"]
[Result "1-0"]
[WhiteElo "2510"]
[BlackElo "2399"]
[PlyCount "175"]
[EventDate "2022.12.27"]
[EventType "swiss (blitz)"]
[EventRounds "11"]
[EventCountry "USA"]
[SourceTitle "EXT 2024"]
[Source "ChessBase"]
[SourceDate "2023.10.10"]
[SourceVersion "1"]
[SourceVersionDate "2023.10.10"]
[SourceQuality "1"]

1. e4 c6 2. d4 d5 3. e5 Bf5 4. h4 h5 5. c4 e6 6. Nc3 dxc4 7. Bxc4 Nd7 8. Nge2 Nb6 9. Bb3 Ne7 10. Bg5 Qd7 11. Ng3 Bg6 12. Rc1 Nf5 13. Nxf5 Bxf5 14. 0-0 Be7 15. Qd2 Bxg5 16. Qxg5 Qxd4 17. Qxg7 0-0-0 18. Rfd1 Qxh4 19. Rxd8+ Rxd8 20. Qxf7 Nc4 21. Ne2 Nxe5 22. Bxe6+ Bxe6 23. Qxe6+ Nd7 24. Rc4 Qg5 25. Nd4 Rg8 26. g3 Qg6 27. Qxg6 Rxg6 28. Nf5 Kc7 29. Kg2 Re6 30. Nd4 Re5 31. Rc2 Nf6 32. Nf3 Re4 33. Ng5 Re5 34. Nf3 Re4 35. Rd2 b5 36. Nd4 Kb6 37. Nf5 a5 38. Ne3 h4 39. Rd6 Ne8 40. Rg6 hxg3 41. Kxg3 Nc7 42. Kf3 Re8 43. Nf5 a4 44. Nd4 Kc5 45. Nxc6 Ne6 46. Ne5 Nd4+ 47. Ke4 Nf3 48. Rc6+ Kb4 49. Kxf3 Rxe5 50. Rc2 Re8 51. Kg2 Rg8+ 52. Kf1 a3 53. bxa3+ Kxa3 54. f3 Rf8 55. Kf2 b4 56. Re2 Rf7 57. Kg3 Rg7+ 58. Kf4 Rf7+ 59. Kg4 Rg7+ 60. Kh5 Rf7 61. Rf2 b3 62. axb3 Kxb3 63. f4 Kc4 64. Kg6 Rf8 65. f5 Kd5 66. f6 Rg8+ 67. Kf7 Rg4 68. Rd2+ Ke5 69. Re2+ Kf5 70. Ke7 Rb4 71. f7 Rb7+ 72. Kf8 Kf6 73. Rf2+ Kg6 74. Kg8 Rb8+ 75. f8Q Rxf8+ 76. Kxf8 Kh6 77. Kf7 Kg5 78. Ke6 Kg4 79. Ke5 Kg3 80. Rf8 Kg4 81. Rf7 Kg5 82. Rg7+ Kh6 83. Rg1 Kh5 84. Kf4 Kh6 85. Kf5 Kh7 86. Kf6 Kh8 87. Kf7 Kh7 88. Rh1# 1-0

[Event "Titled Tuesday intern op 27th Dec Early"]
[Site "Chess.com INT"]
[Date "2022.12.27"]
[Round "11"]
[White "Balakrishnan, Praveen"]
[Black "Bortnyk, Olexandr"]
[Result "0-1"]
[WhiteElo "2510"]
[BlackElo "2604"]
[PlyCount "60"]
[EventDate "2022.12.27"]
[EventType "swiss (blitz)"]
[EventRounds "11"]
[EventCountry "USA"]
[SourceTitle "EXT 2024"]
[Source "ChessBase"]
[SourceDate "2023.10.10"]
[SourceVersion "1"]
[SourceVersionDate "2023.10.10"]
[SourceQuality "1"]

1. e4 Nf6 2. e5 Nd5 3. d4 d6 4. Nf3 dxe5 5. Nxe5 c6 6. Bc4 Nd7 7. Nf3 N7f6 8. 0-0 Bg4 9. Be2 e6 10. c4 Nb6 11. b3 Be7 12. Bb2 0-0 13. h3 Bh5 14. Nbd2 Qc7 15. Ne5 Bxe2 16. Qxe2 Rad8 17. Rad1 Nbd7 18. Ndf3 Nxe5 19. Nxe5 Qa5 20. a3 Qb6 21. Rd3 Nd7 22. Nf3 Bf6 23. Rfd1 Rfe8 24. Qc2 a5 25. Bc3 Qa6 26. Qd2 a4 27. Qc2 Nb6 28. c5 axb3 29. Qxb3 Nd5 30. Rb1 Qxd3 0-1

[Event "Titled Tuesday intern op 27th Dec Early"]
[Site "Chess.com INT"]
[Date "2022.12.27"]
[Round "3"]
[White "Balakrishnan, Praveen"]
[Black "Yaniuk, Volodymyr"]
[Result "1-0"]
[WhiteElo "2510"]
[BlackElo "2223"]
[PlyCount "63"]
[EventDate "2022.12.27"]
[EventType "swiss (blitz)"]
[EventRounds "11"]
[EventCountry "USA"]
[SourceTitle "EXT 2024"]
[Source "ChessBase"]
[SourceDate "2023.10.10"]
[SourceVersion "1"]
[SourceVersionDate "2023.10.10"]
[SourceQuality "1"]

1. e4 e5 2. Nf3 Nc6 3. Bb5 Nf6 4. 0-0 Nxe4 5. d4 Nd6 6. Bxc6 dxc6 7. dxe5 Nf5 8. Qxd8+ Kxd8 9. Nc3 Bd7 10. h3 Kc8 11. g4 Ne7 12. Ng5 Be8 13. f4 h5 14. Kg2 hxg4 15. hxg4 c5 16. f5 f6 17. exf6 gxf6 18. Ne6 Bh6 19. Bxh6 Rxh6 20. Nxc5 b6 21. Ne6 Kb7 22. Kg3 Bc6 23. Rad1 Rg8 24. Nd8+ Kc8 25. Nxc6 Nxc6 26. Rh1 Rgh8 27. Rxh6 Rxh6 28. Nd5 Ne5 29. Ne7+ Kb7 30. Ng8 Rh8 31. Nxf6 Rg8 32. Nxg8 1-0

[Event "Chesterfield SPICE Cup op"]
[Site "Chesterfield"]
[Date "2022.12.21"]
[Round "6"]
[White "Balakrishnan, Praveen"]
[Black "Quesada Perez, Yuniesky"]
[Result "1-0"]
[WhiteElo "2510"]
[BlackElo "2583"]
[PlyCount "53"]
[EventDate "2022.12.18"]
[EventType "swiss"]
[EventRounds "9"]
[EventCountry "USA"]
[SourceTitle "CBM 212 Extra"]
[Source "ChessBase"]
[SourceDate "2023.03.31"]
[SourceVersion "1"]
[SourceVersionDate "2023.03.31"]
[SourceQuality "1"]

1. e4 e5 2. Nf3 Nc6 3. Bb5 Nf6 4. 0-0 Nxe4 5. Re1 Nd6 6. a4 Be7 7. Nc3 0-0 8. d4 Nxd4 9. Nxd4 exd4 10. Nd5 Bh4 11. Bd3 c6 12. Nc7 Qxc7 13. Qh5 Bxf2+ 14. Kxf2 f5 15. Re7 Ne4+ 16. Kg1 Qd8 17. Rxe4 g6 18. Rg4 fxg4 19. Bxg6 hxg6 20. Qxg6+ Kh8 21. Qh5+ Kg8 22. Qxg4+ Kh7 23. Qh5+ Kg8 24. Qg6+ Kh8 25. Bg5 Qa5 26. Rf1 Rxf1+ 27. Kxf1 1-0

[Event "Chesterfield SPICE Cup op"]
[Site "Chesterfield"]
[Date "2022.12.19"]
[Round "2"]
[White "Balakrishnan, Praveen"]
[Black "Peycheva, Gergana"]
[Result "1-0"]
[WhiteElo "2510"]
[BlackElo "2317"]
[PlyCount "109"]
[EventDate "2022.12.18"]
[EventType "swiss"]
[EventRounds "9"]
[EventCountry "USA"]
[SourceTitle "CBM 212 Extra"]
[Source "ChessBase"]
[SourceDate "2023.03.31"]
[SourceVersion "1"]
[SourceVersionDate "2023.03.31"]
[SourceQuality "1"]

1. e4 c6 2. d4 d5 3. e5 Bf5 4. Nf3 e6 5. Be2 Ne7 6. Nbd2 c5 7. dxc5 Nec6 8. Nb3 Nd7 9. Be3 Rc8 10. Nfd4 Nxd4 11. Nxd4 Bg6 12. b4 Nxe5 13. Bb5+ Nc6 14. Rb1 e5 15. Nxc6 bxc6 16. Ba6 Rb8 17. 0-0 d4 18. Bd2 Be7 19. f4 f6 20. fxe5 fxe5 21. Bc4 Qd7 22. Qe2 e4 23. Bf4 Rd8 24. Be5 Rf8 25. Rbd1 d3 26. cxd3 exd3 27. Qe3 Rxf1+ 28. Rxf1 Qg4 29. Bb3 Qe2 30. Qf4 d2 31. Bd6 Bf6 32. Bd1 Qd3 33. Kh1 Be4 34. Rf2 Kf7 35. Rxd2 Qb1 36. Qf1 Qxb4 37. Bb3+ Kg6 38. Rd1 a5 39. Qf4 Bf5 40. Bf7+ Kxf7 41. Qxf5 Qc4 42. Re1 h6 43. a3 Qd5 44. Qg4 Kg8 45. h3 Qd2 46. Qe6+ Kh8 47. Rf1 Qd4 48. Kh2 Kh7 49. Rf4 Rxd6 50. Qf5+ Kh8 51. Rxd4 Rxd4 52. Qc8+ Kh7 53. Qxc6 Be5+ 54. g3 Rd2+ 55. Kg1 1-0

[Event "US Masters op"]
[Site "Charlotte"]
[Date "2022.11.26"]
[Round "6"]
[White "Oparin, Grigoriy"]
[Black "Balakrishnan, Praveen"]
[Result "1/2-1/2"]
[WhiteElo "2683"]
[BlackElo "2510"]
[PlyCount "73"]
[EventDate "2022.11.23"]
[EventType "swiss"]
[EventRounds "9"]
[EventCountry "USA"]
[SourceTitle "CBM 211 Extra"]
[Source "ChessBase"]
[SourceDate "2023.01.31"]
[SourceVersion "1"]
[SourceVersionDate "2023.01.31"]
[SourceQuality "1"]

1. d4 Nf6 2. c4 e6 3. Nf3 d5 4. Nc3 Bb4 5. Qa4+ Nc6 6. e3 0-0 7. Qc2 dxc4 8. Bxc4 Bd6 9. 0-0 e5 10. h3 exd4 11. exd4 Nb4 12. Qd1 h6 13. a3 Nc6 14. Qc2 Ne7 15. Re1 c6 16. Ne5 Ned5 17. Bxd5 Nxd5 18. Nxd5 cxd5 19. Qb3 Bc7 20. Bf4 Bb6 21. Qg3 Qf6 22. Nd3 Bf5 23. Nc5 Rfe8 24. Rad1 Qg6 25. Qxg6 Bxg6 26. b4 Bc2 27. Rc1 Bxc5 28. bxc5 Ba4 29. f3 Rxe1+ 30. Rxe1 Re8 31. Rb1 Bc6 32. Kf2 f6 33. g4 Kf7 34. h4 g5 35. Bg3 Kg6 36. hxg5 hxg5 37. Re1 1/2-1/2

[Event "Junior Speed Qual 2"]
[Site "Chess.com INT"]
[Date "2022.04.07"]
[Round "1.9"]
[White "Balakrishnan, Praveen"]
[Black "Do Valle Cardoso, Lucas"]
[Result "1-0"]
[WhiteElo "2517"]
[BlackElo "2242"]
[PlyCount "45"]
[EventDate "2022.04.07"]
[EventType "k.o. (blitz)"]
[EventRounds "3"]
[EventCountry "USA"]
[SourceTitle "CBM 207 Extra"]
[Source "ChessBase"]
[SourceDate "2022.05.31"]
[SourceVersion "1"]
[SourceVersionDate "2022.05.31"]
[SourceQuality "1"]

1. e4 e5 2. Nf3 Nc6 3. Bc4 Nf6 4. d3 Bc5 5. c3 d6 6. 0-0 a6 7. a4 Ba7 8. Re1 h6 9. Nbd2 g5 10. b4 g4 11. Nh4 Nxe4 12. Nxe4 Qxh4 13. d4 Qe7 14. b5 Na5 15. dxe5 Nxc4 16. exd6 Qd8 17. d7+ Bxd7 18. Nf6+ Kf8 19. Nxd7+ Kg7 20. Qxg4+ Kh7 21. Qf5+ Kg7 22. Re4 h5 23. Rxc4 1-0